000 00324 a2200157 4500
001 64101
020 _a9788591323906
040 _cAnchieta - Pituba
100 _aRodrigues, Deborah
240 1 0 _aPoderosos
_lpor
245 1 0 _aPoderosos
300 _a285
362 0 _a2012
650 4 _aLiteratura juvenil
942 _cBK
999 _c64101
_d64101